What research has to say about reading instruction

Сохранить в:
Библиографические подробности
Главные авторы: Samuels, S. Jay (Автор), Farstrup, Alan E (Автор)
Формат:
Язык:испанский
Опубликовано: Newark International Reading Association 1993
Редактирование:2a. ed
Предметы:
Метки: Добавить метку
Нет меток, Требуется 1-ая метка записи!

MARC

LEADER 00000nam a2200000 a 4500
001 UCJ8951
003 CL-VaPUC
008 070126e19930000US |||||||||||||||||spa|d
020 |a 0872074951 
082 0 4 |a 428.4  |b SAM  |2 21 
100 0 |a Samuels, S. Jay  |e author  |9 518782 
700 0 |a Farstrup, Alan E  |e author  |9 518783 
245 1 0 |a What research has to say about reading instruction 
250 |a 2a. ed 
300 |a 351 p 
942 |c BK 
945 |d 20070126 00:00:00  |a jtorresc 
260 |a Newark  |b International Reading Association  |c 1993 
500 |a Donación de la Dra. Marianne Peronard Thierry 
650 0 |a Lectura  |9 307634 
650 0 |a Enseñanza del inglés  |9 367340 
650 0 |a Educación lingüística  |9 306506 
650 0 |a Comprensión de lectura  |9 307588 
583 |a last modification  |c 20070126 00:00:00  |k Rodrigo Vera 
999 |c 324595  |d 324593 
952 |0 0  |1 0  |4 0  |6 428_400000000000000_SAM_1993  |7 0  |8 A  |9 404862  |a FDOPOS  |b FDOPOS  |d 2019-11-22  |i 4318897  |o 428.4 SAM 1993  |p 4318897  |r 2025-01-22  |w 2019-11-22  |y BK  |k MLA